Academic encounters: Reading, study skills, and writing
Uloženo v:
| Hlavní autor: | |
|---|---|
| Médium: | Kniha |
| Jazyk: | angličtina |
| Vydáno: |
Cambridge
Cambridge University Press
1997
|
| Vydání: | 1a. ed |
| Témata: | |
| Tagy: |
Přidat tag
Žádné tagy, Buďte první, kdo vytvoří štítek k tomuto záznamu!
|
MARC
| LEADER | 00000cam a2200000 a 4500 | ||
|---|---|---|---|
| 001 | UCD3704 | ||
| 003 | CL-VaPUC | ||
| 008 | 160616e19970000uk |||||||||||||||||eng|d | ||
| 020 | |a 0521476585 | ||
| 082 | 0 | 4 | |a 428.2 |b SEA |2 21 |
| 100 | 0 | |a Seal, Bernard |e author |9 587259 | |
| 245 | 1 | 0 | |a Academic encounters: Reading, study skills, and writing |
| 250 | |a 1a. ed | ||
| 300 | |a 220 p | ||
| 942 | |c BK | ||
| 945 | |d 20160616 22:39:00 |a dcastane | ||
| 260 | |a Cambridge |b Cambridge University Press |c 1997 | ||
| 650 | 0 | |a Lengua inglesa |9 318842 | |
| 650 | 0 | |a Enseñanza del inglés |9 367340 | |
| 650 | 0 | |a Métodos de enseñanza |9 270413 | |
| 583 | |a last modification |c 20170824 03:15:40 |k Rodrigo Vera | ||
| 999 | |c 364731 |d 364729 | ||
| 952 | |0 0 |1 0 |3 erb |4 0 |6 428_200000000000000_SEA_1997 |7 0 |8 A |9 478305 |a BIBEDU |b BIBEDU |i 3450929 |o 428.2 SEA 1997 |p 3450929 |r 2019-11-24 |w 2019-11-24 |y BK |z Catalogado en:20160616 |k LIT | ||